LEADER 01091nam a2200241 i 4500 001 000000236846 003 CaOOAMICUS 005 20220110142616.0 008 141211s1675 it u000 u fre u 013 $a215751 026 $alala a-s. deul reju (3) 1675 (R) 040 $aSeMil$bita 100 0 $aEusebius : Caesariensis,$c.$0(OLS)http://semarc/name/3578 245 10$aHistoire de l'Eglise, ecrite par Eusebe, eveque de Cesarée. 300 $a[50], 830, [24] p. 500 $aSegn.: ã4 e4 i4 õ4 u4 2ã4 2e4 A-4Z4 5A-5P8 773 0 $aCousin, Louis <1627-1707>$tHistoire de l'Eglise, ... Traduite par monsieur Cousin, presidente en la Cour de Monnoyes. Dedieé au Roi.$dA Paris : En la Boutique de Pierre Rocolet. Chez Damien Foucault, 1675-1676.$g1$w()30907 850 $aSeMil 852 $aSeMil$W1$xVenegono$y1$m3A V 47 FA$j187192$B187192$CSeMilBibl$Z2$F198030 $8I 941 1 $a10 961 $aRecupero: Mantegazza 996 $6245$aHistoire de l'Eglise, ecrite par Eusebe, eveque de Cesarée$9(OLS)http://semarc/title/337518 LEADER 01218nam a2200241 i 4500 001 000000092076 003 CaOOAMICUS 005 20171222000000.0 008 171222s2012 it u000 u ita u 013 $a64318 040 $aSeMil$bita 100 1 $aPisoni, Ernesto.$0(OLS)http://semarc/name/47152 245 10$a[L'eredità di don Gnocchi] ; [Edoardo Gilardi ed Ernesto Pisoni :$bi primi due successori alla guida della "Baracca" (1956-1992) 260 $a[S.l.] :$bFondazione Don Carlo Gnocchi,$cstampa 2012. 300 $a74 p. :$bill. ;$c21 cm. 500 $aContiene : Appendice ; Bibliografia. 650 4$aMilano - Istituto Palazzolo - Fondazione Don Carlo Gnocchi.$0(OLS)http://semarc/subject/36094 700 1 $aGilardi, Edoardo .$0(OLS)http://semarc/name/92428 850 $aSeMil 852 $aSeMil$W1$xVenegono$y1$m5B III 51/6$j54998$B54998$CSeMilBibl$Z2$F59677 $81 961 $aOmaggio: Delpini mons. Mario 996 $6245$a[L'eredità di don Gnocchi] ; [Edoardo Gilardi ed Ernesto Pisoni :$bi primi due successori alla guida della "Baracca" (1956-1992)$9(OLS)http://semarc/title/406129 996 $6260$a[S.l.] :$bFondazione Don Carlo Gnocchi$9(OLS)http://semarc/publisher/43159